00812nam a2200205 i 450000100060000000300090000600500170001500700030003200800410003510000290007624501550010526000340026030000370029465000380033170000340036970000320040385200320043599900170046795201220048467922ES-MaACL20230906170154.0t|040216s1964 sp ||||1| spa d1 aGallizio, Angelo.95363210aInstalaciones sanitarias... en el interior de los edificios / cAngelo Gallizio ; traducción Luis Alegret Lleonci ; revisada por Ramón Fortet Gay. aBarcelona : bHoepli, c1964. aXII, 576 p. : bgraf. ; c25 cm. 4aInstalaciones sanitarias.91509741 aAlegret Lleonci, Luis.9196780 aFortet Gay, Ramón.951856 aES-MaACLjC-25931 bR.54851 c67922d67922 00104070aATENEOMbATENEOMcDEPO2d2008-01-17eSCl0oC-25931p1071112r2023-02-23 00:00:00w2023-02-23yMONOGRAFIA